LEADER 01630nam a2200325 a 4500 001 000000127989 003 CaOOAMICUS 005 20150924095709.0 008 120313s2011 it u100 u ita r 020 $a978-88-10-14067-3 040 $aPUL$bita 082 04$a945.084 111 2 $aForum del Progetto Culturale$n(10 :$d2010 :$cRoma).$0(OLS)http://pul/name/81736 245 10$aNei 150 anni dell'unitą d'Italia :$btradizione e progetto, X Forum del Progetto Culturale. 260 $aBologna :$bEdizioni Dehoniane,$c©2011. 300 $a335 p.$c22 cm 500 $aIn testa al front.: Servizio nazionale per il progetto culturale della CEI. 650 14$aCattolicesimo$zItalia.$0(OLS)http://pul/subject/12221 651 4$aItalia$xStoria$x1861-2011.$0(OLS)http://pul/subject/38493 710 2 $aConferenza episcopale italiana.$bServizio nazionale progetto culturale della CEI.$0(OLS)http://pul/name/35496 850 $aPUL 852 $aPUL$W1$xSL Cons. Gen., Altre Classi 3$y75$m945. 084 CEI 1$j148155$qDDC 21$B146748$CPULBib$Z2$F146748 $H118852 $82 852 $aPUL$W1$xDP1 Fondo S. Lanza$y121$m4 A 73$j163165$qFondi$B169627$CPULBib$Z2$F169627 $HLAN1763 $82 941 1 $a1 941 1 $a9 996 $6020$a978-88-10-14067-3$9(OLS)http://pul/number/149188 996 $6082$a945.084$9(OLS)http://pul/classification/2008 996 $6245$aNei 150 anni dell'unitą d'Italia :$btradizione e progetto, X Forum del Progetto Culturale$9(OLS)http://pul/title/161741 996 $6260$aBologna :$bEdizioni Dehoniane$9(OLS)http://pul/publisher/48070 LEADER 00894naa a2200193 u 4500 001 000000094457 003 CaOOAMICUS 005 20070226130138.0 008 040426s1979 it u000 u ita u 035 $a10992037 040 $aIAR$bita 100 1 $aJones, P. J.$q(Philip James).$0(OLS)http://pul/name/60711 245 10$aComuni e Signorie :$bLa cittą-stato nell'Italia del tardo medioevo /$cPhilipp J. Jones. 260 $aBologna :$bSocietą editrice il Mulino,$c1979. 300 $aS. 99-126, ;$c21 cm 773 0 $aLa crisi degli ordinamenti comunali e le origini dello stato del rinascimento. 773 0 $tLa crisi degli ordinamenti comunali e le origini dello stato del Rinascimento$w()10982 996 $6245$aComuni e Signorie :$bLa cittą-stato nell'Italia del tardo medioevo$9(OLS)http://pul/title/121325 996 $6260$aBologna :$bSocietą editrice il Mulino$9(OLS)http://pul/publisher/53095